| 000 | 01578nam a22002657a 4500 | ||
|---|---|---|---|
| 008 | 090225t xxu||||| |||| 00| 0 eng d | ||
| 010 | _aB-278924-927 | ||
| 020 |
_a9780752882130 _c£ 3.00 (263.40) |
||
| 035 | _aB-278924-927 | ||
| 037 | _bSuper Book | ||
| 040 |
_adpl _bEnglish |
||
| 082 | _aN | ||
| 100 | _aLustbader, Eric Van | ||
| 245 |
_aThe bourne betrayal / _cby Eric Van Lustbader |
||
| 260 |
_aLondon _bOrion Books _c2007 |
||
| 270 |
_aOrion House, 5 Upper St. Martin's Lane _bLondon _eWC2H9 EA |
||
| 300 |
_a486p. _c20cm (pbk) |
||
| 942 |
_2ddc _cEN _mLUS _hN |
||
| 999 |
_c25406 _d25406 |
||